| 000 | 00992nam0a22002891 4500 | ||
|---|---|---|---|
| 001 | RU\INFOCOMM_322\NLR\5000130788 | ||
| 005 | 20260406041042.0 | ||
| 035 | _a(NLR Aleph) 009549876 | ||
| 090 |
_a9000918 _c9000918 |
||
| 100 | _a20130109d1972 |||y0rusy50 ca | ||
| 101 | 1 |
_aeng _crus |
|
| 102 | _aRU | ||
| 105 | _ay z ||||| | ||
| 200 | 1 |
_aOn Leo Tolstoy _fLenin |
|
| 210 |
_aM. _c"Novosti" press agency publ. house _d1972 |
||
| 215 |
_a73 с. _d17 см |
||
| 300 | _aЗагл. ориг.: О Льве Толстом. [Сборник] | ||
| 454 | 0 |
_12001#$aО Льве Толстом$e[Сборник] _tО Льве Толстом |
|
| 620 | _aМосква | ||
| 686 |
_aА156"On Leo Tolstoy" _2rubbk |
||
| 700 | 1 |
_aLenin _bV. I. _f1870-1924 _gVladimir Il'ič |
|
| 702 | 1 |
_4570 _8rus _7ba _aTolstoj _bL. N. _f1828-1910 _gLev Nikolaevič _3RU\NLR\AUTH\771516 _9111538 |
|
| 801 | 1 |
_aRU _bInfocomm _c20130109 |
|
| 801 | 0 |
_aRU _bINFOCOMM _gPSBO |
|
| 852 |
_aNLR _jЛ 102-Сб/86-1 |
||
| 942 | _cBOOK | ||
| 980 | _aNB | ||